Statistics for Metal-Bands A-Z

Click here to take the quiz!

General Stats

  • This quiz has been taken 47 times
  • The average score is 10 of 26

Answer Stats

AlbumsBand% Correct
BParanoid, Master of Reality, Vol. 4, Heaven and HellBlack Sabbath
97%
IThe Number of the Beast, Piece of Mind, Fear of the DarkIron Maiden
78%
MPeace Sells… But Who’s Buying?, Rust in Peace, YouthanasiaMegadeth
76%
SIowa, All Hope Is Gone, Vol. 3: (The Subliminal Verses)Slipknot
70%
RReise, Reise; Rosenrot; Sehnsucht; Liebe ist für alle da; MutterRammstein
68%
JStained Class, British Steel, Screaming for VengeanceJudas Priest
65%
VBlack Metal, At War with Satan, Welcome to HellVenom
57%
OBlackwater Park, Ghost Reveries, Watershed, DeliveranceOpeth
51%
ATwilight of the Thunder God, Surtur Rising, JomsvikingAmon Amarth
46%
LSignificant Other, Chocolate Starfish and the Hot Dog Flavored Water, Still Sucks Limp Bizkit
43%
QOperation: Mindcrime, Empire, Promised Land, Rage for OrderQueensryche
43%
NScum, From Enslavement to Obliteration, Harmony CorruptionNapalm Death
38%
DImages and Words, Metropolis Pt. 2, OctavariumDream Theater
35%
GFrom Mars to Sirius, The Way of All Flesh, L’Enfant sauvageGojira
35%
KThe End of Heartache, As Daylight Dies, AtonementKillswitch Engage
35%
TAscendancy, The Crusade, Shogun, In Waves, In the Court of the DragonTrivium
27%
HCrimson Thunder, Legacy of Kings, RenegadeHammerfall
24%
WTime I, The Forest Seasons, WintersunWintersun
24%
YRising Force, Marching Out, Fire & Ice, The Seventh SignYngwie Malmsteen
22%
ZDevil Is Fine, Stranger Fruit, Zeal & ArdorZeal & Ardor
22%
EVictory Songs, From Afar, Unsung Heroes, ThalassicEnsiferum
16%
FJaktens Tid, Ur Jordens Djup, Nifelvind, BlodsveptFinntroll
14%
UDefine the Great Line, They’re Only Chasing Safety, Ø (Disambiguation)Underoath
11%
CEpicus Doomicus Metallicus, Ancient Dreams, The Door to DoomCandelmass
8%
PKentucky, Roads to the North, ... And Again Into the LightPanopticon
5%
XImmortality Through Quantum SuicideXythlia
3%

Score Distribution

Percentile by Number Answered

Percent of People with Each Score

Your Score History

You have not taken this quiz